000 00550nam a2200181Ia 4500
008 100920s9999 xx 000 0 und d
082 _b69690
_a24 थ 80
100 _aकर्णिक मधुमंगेश.
245 _aउत्तरायण.
260 _bमीनल प्रकाशन,कोल्हापूर.
_c1980
300 _a139
_bसाधी
365 _b15
520 _aसायो.
630 _aउत्तरायण.
650 _aसायो.
730 _aउत्तरायण.
942 _cBOOK
999 _c711802
_d711799